000 01289nam0a2200325 4500
001 RU\NLR\bibl\1195166
005 20260405202111.0
010 _a978-5-317-02197-9
_950
021 _aRU
_b2008-75
_94
035 _a(NLR Aleph) 001181691
090 _a1661423
_c1661423
100 _a20080303d2007 |||y0rusy50 ca
101 0 _arus
102 _aRU
105 _ay |||||||||
200 1 _aГосударственное регулирование деятельности естественных монополий
_fВ.Е. Гаврилова
210 _aМосква
_cМАКС Пресс
_d2007
215 _a62, [1] с.
_d21
320 _aБиблиогр.: с. 59-63 и в подстроч. прим.
606 1 _aЕстественные монополии
_xГосударственное регулирование
_yРоссийская Федерация
_92377156
_3RU\NLR\auth\661418510
686 _aУ9(2)-13-21(2Р)
686 _aУ010.8
700 1 _4070
_8rus
_7ca
_aГаврилова
_bВ. Е.
_cканд. экон. наук
_gВалерия Евгеньевна
_3RU\NLR\auth\7789602
_972529
801 0 _aRU
_bNLR
_c20080303
_gRCR
801 1 _aRU
_bNLR
_c20080303
830 _aавт. по кн.
942 _cBOOK
980 _aNB